Thomas Calculus / (Record no. 564070)
[ view plain ]
| 000 -LEADER | |
|---|---|
| fixed length control field | 00398nam a2200133Ia 4500 |
| 008 - FIXED-LENGTH DATA ELEMENTS--GENERAL INFORMATION | |
| fixed length control field | 210430s9999 xx 000 0 und d |
| 082 ## - DEWEY DECIMAL CLASSIFICATION NUMBER | |
| Classification number | 515 T449 T |
| 100 ## - MAIN ENTRY--PERSONAL NAME | |
| Personal name | Geroge B Thomas, Maurice D Weir, Joel Hass, Frank R Giordano |
| 9 (RLIN) | 127701 |
| 245 ## - TITLE STATEMENT | |
| Title | Thomas Calculus / |
| Statement of responsibility, etc. | George B.Thomas,jr |
| 250 ## - EDITION STATEMENT | |
| Edition statement | 11th edition |
| 260 ## - PUBLICATION, DISTRIBUTION, ETC. | |
| Place of publication, distribution, etc. | Delhi |
| Name of publisher, distributor, etc. | Pearson Education |
| Date of publication, distribution, etc. | 2008 |
| 300 ## - PHYSICAL DESCRIPTION | |
| Extent | 1228p |
| 942 ## - ADDED ENTRY ELEMENTS (KOHA) | |
| Koha item type | Book |
| Source of classification or shelving scheme | |
| Withdrawn status | Lost status | Damaged status | Not for loan | Collection code | Permanent Location | Current Location | Shelving location | Date acquired | Total Checkouts | Total Renewals | Full call number | Barcode | Date last seen | Date last checked out | Price effective from | Koha item type |
|---|---|---|---|---|---|---|---|---|---|---|---|---|---|---|---|---|
| School of Chemical & Materials Engineering (SCME) | School of Chemical & Materials Engineering (SCME) | General Stacks | 06/11/6 | 2 | 2 | 515 T449 T | SCME-3258 | 11/21/2023 | 10/30/2023 | 04/30/2021 | Book |
